|
|
|
|
| LEADER |
00000cam a2200000 7i4500 |
| 001 |
0000000595 |
| 002 |
000000686 |
| 005 |
20060209.0 |
| 020 |
|
|
|a 1853611220
|
| 090 |
0 |
0 |
|a 030
|b CHA
|
| 100 |
1 |
|
|a Chant, Christopher
|
| 245 |
1 |
4 |
|a The concise illustrated book of top gun aircraft
|c Christopher Chant
|
| 260 |
|
|
|a London :
|b Brian Trodd Publishing ,
|c 1990
|
| 300 |
|
|
|a 45p ;
|c 16cm.
|
| 490 |
0 |
|
|a The concise illustrated book of
|
| 650 |
0 |
0 |
|a Aeronautic, Military
|x Juvenile literature
|
| 999 |
|
|
|a 027146
|b BUKU
|c JUNIOR BOOKS
|e PERPUSTAKAAN KOMUNITI PETALING JAYA
|
| 999 |
|
|
|a 029962
|b BUKU
|c JUNIOR REFERENCE
|e PERPUSTAKAAN KOMUNITI PETALING JAYA
|